Top Scorer by Soccer Team #2 - Statistics

General Stats
  • This quiz has been taken 245 times
    196 since last reset
  • The average score is 11 of 24
Answer Stats
Team Goals Player % Correct
Portugal 118 Cristiano Ronaldo
97%
Argentina 95 Lionel Messi
92%
Brazil 77 Pelé
85%
Manchester City 260 Sergio Agüero
79%
Arsenal 228 Thierry Henry
76%
Manchester United 253 Wayne Rooney
73%
AS Roma 307 Francesco Totti
69%
Senegal 33 Sadio Mané
68%
Chile 49 Alexis Sánchez
63%
Gabon 30 Pierre-Emerick Aubameyang
55%
Mexico 52 Javier Hernández
48%
Lazio 191 Ciro Immobile
47%
Australia 50 Tim Cahill
43%
Celta Vigo 181 Iago Aspas
39%
Croatia 45 Davor Šuker
37%
Serbia 52 Aleksandar Mitrović
35%
Colombia 36 Radamel Falcao
34%
Los Angeles Galaxy 143 Landon Donovan
22%
Inter Milan 284 Giuseppe Meazza
18%
Flamengo 509 Zico
16%
Italy 35 Luigi Riva
14%
Hamburger SV 543 Uwe Seeler
14%
United States (women) 184 Abby Wambach
6%
Girondins de Bordeaux 181 Alain Giresse
5%
No matching quizzes found
Score Distribution
Percent of People with Each Score
Percentile by Number Answered
Your Score History
You have not taken this quiz since the last reset